[Event "RUS-chT Blitz Men 2018"]
[Site "Sochi"]
[Date "2018.10.10"]
[Round "9"]
[White "Tekeyev, Zaur"]
[Black "Rozum, Ivan"]
[Result "0-1"]
[WhiteElo "2392"]
[BlackElo "2573"]
[Annotator "TA"]
[PlyCount "61"]
[EventDate "2018.10.10"]
[EventType "swiss"]
[EventCountry "RUS"]
[SourceTitle "playchess.com"]
[Source "ChessBase"]
[SourceQuality "1"]

{[%evp 15,61,18,13,20,25,24,21,0,19,0,0,0,0,0,0,0,8,-12,0,0,12,18,15,22,12,-11,11,16,24,10,25,0,0,0,0,-31,-40,-30,-53,-49,-52,-704,-681,-704,-691,-691,-688,-1451]} 1. e4 c6 2. d4 d5 3. Nd2 dxe4 4. Nxe4 Bf5 5. Ng3 Bg6 6. Nh3 e6 7. c3 Bd6 8. Nf4 Nf6 9. h4 {B18: Classical Caro-Kann: 4...Bf5 sidelines} Bxf4 10. Bxf4 {Threatens to win with h5.} h6 11. a4 {The position is equal.} Nbd7 $146 ({Predecessor:} 11... O-O 12. a5 Nd5 13. Bd2 Nd7 14. c4 N5f6 15. h5 Bh7 16. Bc3 c5 {1-0 (68) Ivanchuk,V (2726)-Artemiev,V (2691) Huaian 2017}) 12. Be2 O-O 13. h5 Bh7 14. a5 Re8 15. O-O Nd5 16. Bd2 Qc7 17. Re1 e5 18. dxe5 Nxe5 19. c4 Nf6 20. Qb3 Neg4 21. Qf3 Rad8 {[%cal Ba8d8,Bd8d4,Bd4f4][%mdl 32]} 22. Bf4 Qe7 23. a6 (23. Red1 {is more complex.} a6 24. Rxd8 Rxd8 25. Qc3 Kh8 26. Rf1) 23... bxa6 $1 24. Qxc6 Rd4 $36 {[%mdl 2048] Black is more active.} 25. Bxg4 Qxe1+ 26. Rxe1 Rxe1+ 27. Nf1 Rxf4 28. Bd7 $2 {[%mdl 8192]} (28. Bh3 $15) 28... Bd3 $19 {Black is clearly winning.} 29. Qd6 Rxf1+ 30. Kh2 {[#] Strongly threatening Qb8+.} Rh4+ 31. Kg3 {Precision: White = 44%, Black = 62%.} 0-1

[Event "RUS-chT Blitz Men 2018"]
[Site "Sochi"]
[Date "2018.10.10"]
[Round "9"]
[White "Dilmukhametov, Artur"]
[Black "Grachev, Boris"]
[Result "1/2-1/2"]
[WhiteElo "2353"]
[BlackElo "2626"]
[Annotator "TA"]
[PlyCount "110"]
[EventDate "2018.10.10"]
[EventType "swiss"]
[EventCountry "RUS"]
[SourceTitle "playchess.com"]
[Source "ChessBase"]
[SourceQuality "1"]

{[%evp 9,110,-2,-8,-6,0,0,-4,-29,-31,-33,-28,-51,-45,-64,-70,-70,-27,-20,-20,-14,-22,-18,-28,-22,-22,-17,-16,-16,-5,-9,0,0,-4,-6,0,0,0,0,0,0,0,0,0,0,0,0,0,0,-2,-8,0,0,0,0,0,0,0,-5,0,0,0,0,33,33,33,33,33,33,75,35,116,0,0,0,66,63,104,39,99,-82,30,30,43,30,31,31,53,53,458,17,43,0,23,0,0,0,0,-62,0,0,0,-66,0]} 1. d4 d5 2. Nc3 Nf6 3. Bf4 a6 4. e3 b5 (4... e6 5. Nf3 Be7 6. Bd3 c5 7. dxc5 Bxc5 8. O-O Nc6 9. e4 dxe4 10. Nxe4 Nxe4 11. Bxe4 Qxd1 12. Raxd1 {1-0 (22) Nisipeanu,L (2657)-Illescas Cordoba,M (2605) Barcelona 2018}) 5. Nf3 e6 6. Bd3 {D00: 1 d4 d5: Unusual lines} c5 7. dxc5 Bxc5 8. Ne5 {The position is equal.} Bb7 9. O-O Nbd7 10. Qe2 $146 ({Predecessor:} 10. Qf3 Nxe5 11. Bxe5 Bd6 12. Bxd6 Qxd6 {1-0 (39) Meyling,L (1974)-Aumueller,I (2004) Hamburg 2018}) 10... O-O 11. a3 Nxe5 12. Bxe5 Bd6 (12... Nd7 {feels hotter.} 13. Bd4 e5 14. Bxc5 Nxc5 15. Qh5 Nxd3 16. cxd3 d4) 13. Bxd6 ({Much weaker is} 13. Bxf6 Qxf6 14. Qf3 Qe5 $17) 13... Qxd6 14. e4 dxe4 15. Nxe4 Bxe4 16. Bxe4 Nxe4 17. Qxe4 Rfd8 18. c4 bxc4 19. Qxc4 Rac8 20. Qe2 a5 21. Rfd1 Qb6 22. Rxd8+ Rxd8 $11 {[%mdl 4096] Endgame KQR-KQR} 23. Rd1 Rc8 24. Qd2 h6 25. b4 axb4 26. Qxb4 Qc6 27. h3 Qc2 28. Ra1 Rc4 29. Qb8+ Rc8 30. Qb4 Rc4 31. Qb8+ Rc8 32. Qb5 Qc3 33. Qb1 Qe5 34. a4 {[%cal Ba3a4,Ba4a5,Ba5a6][%mdl 32]} Rb8 35. Qe1 Qd4 36. a5 Ra8 37. a6 Ra7 38. Qa5 g5 39. Qa4 Qc3 {[#]} (39... Qd6 $14) 40. Qe8+ (40. g3 $1 $16) 40... Kg7 41. Qa4 Qe5 (41... Kg8 $11) 42. g3 Qc3 43. Kg2 (43. Rd1 $16) 43... Qe5 (43... Qc5 $14) 44. Rb1 $2 {[#]} (44. Rd1 $16 {stays on course.}) 44... Qd5+ (44... Rxa6 $1 $17 45. Qc4 Ra3) 45. Kg1 e5 46. Ra1 Qe6 47. Qb5 h5 48. Ra5 f6 $2 {[%mdl 8192]} (48... Kh6 $14) 49. Ra1 $2 (49. Qb8 $18 Qd7 50. Rb5 Rxa6 51. Rb7 Ra1+ 52. Kg2 Qxb7+ 53. Qxb7+ Kh6 54. Qd7) 49... Kg6 50. Qd3+ e4 51. Qb5 Kh6 52. Ra3 Qd6 $36 {[%mdl 2048] Black fights for an advantage.} 53. Ra1 (53. Ra5 $11) 53... Qe6 ({Better is} 53... e3 $1 $15 54. Kg2 exf2) 54. Ra3 Qd6 55. Ra1 (55. Ra5 $11) 55... Qe6 {Precision: White = 47%, Black = 39%.} ({Black should play} 55... e3 $1 $15 56. Kg2 exf2) 1/2-1/2

[Event "RUS-chT Blitz Men 2018"]
[Site "Sochi"]
[Date "2018.10.10"]
[Round "9"]
[White "Papenin, Nikolai"]
[Black "Mochalin, Faddey"]
[Result "1-0"]
[WhiteElo "2334"]
[BlackElo "2032"]
[Annotator "NA"]
[PlyCount "58"]
[EventDate "2018.10.10"]
[EventType "swiss"]
[EventCountry "RUS"]
[SourceTitle "playchess.com"]
[Source "ChessBase"]
[SourceQuality "1"]
[TimeControl "180+2"]

1. d4 {[%emt 0:00:00]} d5 {[%emt 0:00:00]} 2. Nf3 {[%emt 0:00:01]} Nf6 {[%emt 0:00:00]} 3. c4 {[%emt 0:00:02]} c6 {[%emt 0:00:01]} 4. Nc3 {[%emt 0:00:01]} e6 {[%emt 0:00:00]} 5. e3 {[%emt 0:00:02]} Nbd7 {[%emt 0:00:01]} 6. Qc2 {[%emt 0:00:01]} Bd6 {[%emt 0:00:01]} 7. Bd3 {[%emt 0:00:01]} O-O {[%emt 0:00:02]} 8. O-O {[%emt 0:00:01]} dxc4 9. Bxc4 {[%emt 0:00:01]} b5 {[%emt 0:00:02]} 10. Bd3 {[%emt 0:00:08]} Bb7 {[%emt 0:00:01]} 11. a3 {[%emt 0:00:02]} Qe7 {[%emt 0:00:17]} 12. h3 {[%emt 0:00:04]} Rfe8 {[%emt 0:00:11]} 13. Bd2 {[%emt 0:00:05]} a5 {[%emt 0:00:22]} 14. Rfe1 {[%emt 0:00:24]} e5 {[%emt 0:00:24]} 15. Ng5 {[%emt 0:00:11]} h6 {[%emt 0:00:29]} 16. Nge4 {[%emt 0:00:01]} Nxe4 {[%emt 0:00:17]} 17. Nxe4 {[%emt 0:00:01]} Bc7 {[%emt 0:00:38]} 18. b4 {[%emt 0:00:02]} axb4 {[%emt 0:00:18]} 19. axb4 {[%emt 0:00:01]} f5 {[%emt 0:00:20]} 20. Nc3 {[%emt 0:00:19]} e4 {[%emt 0:00:07]} 21. Bf1 {[%emt 0:00:04]} Bd6 {[%emt 0:00:01]} 22. d5 {[%emt 0:00:26]} Bxb4 {[%emt 0:00:05]} 23. Qb3 {[%emt 0:00:04]} cxd5 {[%emt 0:00:05]} 24. Nxd5 {[%emt 0:00:04]} Qf7 {[%emt 0:00:03]} 25. Qxb4 {[%emt 0:00:14]} Qxd5 {[%emt 0:00:01]} 26. Bxb5 {[%emt 0:00:04]} Qe5 {[%emt 0:00:03]} 27. Bc4+ {[%emt 0:00:02]} Kh8 {[%emt 0:00:01]} 28. Bc3 {[%emt 0:00:03]} Qe7 {[%emt 0:00:03]} 29. Qxb7 {[%emt 0:00:02]} Rxa1 {[%emt 0:00:05]} 1-0

[Event "RUS-chT Blitz Men 2018"]
[Site "Sochi"]
[Date "2018.10.10"]
[Round "9"]
[White "Remizov, Yaroslav"]
[Black "Romanov, Evgeny"]
[Result "0-1"]
[WhiteElo "2315"]
[BlackElo "2614"]
[Annotator "TA"]
[PlyCount "110"]
[EventDate "2018.10.10"]
[EventType "swiss"]
[EventCountry "RUS"]
[SourceTitle "playchess.com"]
[Source "ChessBase"]
[SourceQuality "1"]

{[%evp 15,110,28,64,13,67,16,31,0,0,0,58,47,89,-9,-8,-6,-19,-56,-19,-31,-38,-30,-19,-25,-23,-24,-15,-19,0,0,0,-25,0,-101,-93,-152,-153,-144,-149,-148,-123,-123,-123,-114,-110,-176,-179,-515,-502,-515,-488,-517,-496,-503,-494,-495,-482,-473,-472,-411,-376,-467,-467,-682,-670,-1659,-1843,-2268,-1820,-1560,-1420,-1404,-1268,-1704,-1463,-5494,-5202,-29972,-29974,-29973,-29970,-29981,-29982,-29988,-29989,-29989,-29990,-29990,-29991,-29991,-29992,-29992,-29993,-29993,-29994,-29996,-29997]} 1. e4 c5 2. Nf3 a6 3. c4 e6 4. d4 cxd4 5. Nxd4 Nf6 6. Nc3 Qc7 7. Be2 Bb4 8. Qd3 d6 {LiveBook: 3 Partien. B41: Sizilianisch (Paulsen-Variante)} 9. O-O (9. Nc2 $14 Bxc3+ 10. Qxc3) 9... Bxc3 (9... Nbd7 $11) (9... O-O 10. a3 Bxc3 11. bxc3 Nbd7 12. Qc2 Nc5 13. f3 e5 14. Nf5 Be6 15. Rd1 Bxf5 16. exf5 {0-1 (56) Hou,Y (2658)-Vitiugov,N (2734) Belokurikha 2018}) 10. bxc3 ({Lieber} 10. Qxc3 $14 e5 11. Qg3) 10... Nbd7 $11 {Die Stellung ist ausgeglichen.} 11. Qg3 O-O 12. f3 Ne5 ({Günstiger ist} 12... Nb6 $11) 13. Bg5 $146 {Und weiter mit Lxf6 wäre nett.} ({Vorgänger:} 13. Bh6 Ne8 14. f4 Nxc4 15. f5 d5 16. Rf4 e5 17. Rg4 f6 18. exd5 Ncd6 19. Ne6 Nxf5 20. Nxc7 Nxg3 21. Rxg3 {1-0 (21) Cortes Bueno,J (2320)-Sanchez Quiroga,M Canete 1994}) 13... Ne8 {[#]} 14. Rad1 (14. f4 $1 $16 {[%cal Rf4e5]} Nc6 15. Nxc6 bxc6 16. Qe3) 14... f6 $11 15. Bf4 $1 Bd7 16. Kh1 Rd8 (16... Nxc4 {with more complications.} 17. Bxc4 Qxc4 18. Bxd6 Rf7 19. Nb3 e5) 17. Nb3 Nxc4 18. Bxc4 Qxc4 19. Bxd6 Nxd6 20. Qxd6 Bb5 21. Qb6 Rxd1 22. Rxd1 Bc6 23. Qd4 Qe2 24. Qd3 (24. Qd6 $11) 24... Qxa2 $17 25. Nd4 (25. Nc5 $142) 25... Rd8 {Weiss muss nun ...e5 beachten.} 26. Qb1 Qxb1 27. Rxb1 e5 28. Nxc6 bxc6 {[%mdl 4096] Endspiel KT-KT} 29. Kg1 a5 30. Rb6 {[#]} (30. Ra1 $17) 30... Ra8 $1 $19 31. Rxc6 $2 (31. Kf2) 31... a4 32. Rb6 a3 {Droht stark ...a2.} 33. Rb1 Kf7 ({Nicht} 33... a2 34. Ra1 $15) 34. Ra1 Ke6 ({Weniger gut wäre} 34... a2 35. Kf2 $17) 35. Kf1 Kd6 36. Ke2 Kc5 37. Kd3 a2 38. g3 h5 39. f4 (39. h3 $142 Ra3 40. g4) 39... g6 {[%cal Bg7g6,Bg6g5,Bg5g4][%mdl 32]} 40. fxe5 fxe5 41. h3 g5 42. Kc2 Kc4 43. Kb2 Kd3 44. c4 Kxc4 45. h4 g4 46. Kc2 Kd4 {Schwarz setzt Matt.} 47. Kd2 Kxe4 48. Ke2 Ra3 49. Kf2 Kd3 50. Ke1 Kc2 51. Ke2 Kb2 52. Rd1 a1=Q 53. Rd2+ Kc3 54. Rd3+ Kc4 55. Rd2 Qc3 {Precision: Weiß = 31%, Schwarz = 71%.} 0-1

[Event "RUS-chT Blitz Men 2018"]
[Site "Sochi"]
[Date "2018.10.10"]
[Round "9"]
[White "Truskavetsky, Alexandr"]
[Black "Oganian, Miran"]
[Result "0-1"]
[WhiteElo "2307"]
[BlackElo "2435"]
[Annotator "NA"]
[PlyCount "30"]
[EventDate "2018.10.10"]
[EventType "swiss"]
[EventCountry "RUS"]
[SourceTitle "playchess.com"]
[Source "ChessBase"]
[SourceQuality "1"]
[TimeControl "180+2"]

1. d4 {[%emt 0:00:00]} Nf6 {[%emt 0:00:00]} 2. c4 {[%emt 0:00:01]} Nc6 {[%emt 0:00:00]} 3. Nf3 {[%emt 0:00:02]} e6 {[%emt 0:00:01]} 4. g3 {[%emt 0:00:01]} Bb4+ {[%emt 0:00:01]} 5. Bd2 {[%emt 0:00:01]} Qe7 {[%emt 0:00:01]} 6. Bg2 {[%emt 0:00:01]} Bxd2+ {[%emt 0:00:01]} 7. Qxd2 {[%emt 0:00:01]} Ne4 {[%emt 0:00:01]} 8. Qc2 {[%emt 0:00:15]} Qb4+ {[%emt 0:00:01]} 9. Kf1 {[%emt 0:00:14]} d5 {[%emt 0:00:15]} 10. cxd5 {[%emt 0:00:15]} exd5 {[%emt 0:00:01]} 11. e3 {[%emt 0:00:01]} Bf5 {[%emt 0:00:07]} 12. Qe2 {[%emt 0:00:19]} O-O {[%emt 0:00:06]} 13. Ne1 {[%emt 0:00:20]} Rfe8 {[%emt 0:00:10]} 14. f3 {[%emt 0:00:10]} Nxd4 {[%emt 0:00:16]} 15. Nc2 {[%emt 0:00:50]} Nxc2 {[%emt 0:00:17]} 0-1

[Event "RUS-chT Blitz Men 2018"]
[Site "Sochi"]
[Date "2018.10.10"]
[Round "9"]
[White "Linker, Mikhail"]
[Black "Vastrukhin, Oleg"]
[Result "1-0"]
[WhiteElo "2269"]
[BlackElo "2413"]
[Annotator "TA"]
[PlyCount "125"]
[EventDate "2018.10.10"]
[EventType "swiss"]
[EventCountry "RUS"]
[SourceTitle "playchess.com"]
[Source "ChessBase"]
[SourceQuality "1"]

{[%evp 9,125,42,42,24,94,38,62,47,119,117,125,89,90,46,82,89,170,165,198,58,66,60,252,205,219,120,125,124,141,86,93,58,133,92,108,95,181,181,174,175,222,228,255,247,252,235,253,229,230,215,371,355,343,354,334,316,800,317,462,460,395,271,508,418,498,466,821,873,831,814,650,296,307,307,292,287,573,598,598,598,579,573,573,558,510,452,1626,652,1711,1652,1514,1135,12834,12834,12836,12837,12837,12837,12837,12838,12838,12839,12839,12838,12838,12839,12839,12837,12838,12838,12842,12842,12842,12840,12845,12846,12847,12846]} 1. d4 g6 2. c4 Bg7 3. Nf3 d6 4. Nc3 e5 5. e4 Nc6 {[%cal Rc6d4]} 6. Be3 {A42: Modern Defence: Averbakh Variation} Nh6 (6... Bg4 $11 7. dxe5 Nxe5) (6... Nf6 7. dxe5 Nxe5 8. Nxe5 dxe5 9. Qxd8+ Kxd8 10. O-O-O+ Bd7 11. f3 h5 12. c5 Bh6 13. Bxh6 Rxh6 {½-½ (48) Lenderman,A (2630)-Nakamura,H (2763) chess.com INT 2018}) 7. h3 (7. dxe5 $16 {Bg5 is the strong threat.} Ng4 8. Bg5) 7... f5 8. dxe5 {White is slightly better.} dxe5 (8... fxe4 $14 9. Bg5 (9. Nxe4 dxe5 10. Qb3 O-O $14) 9... Qd7 10. Nxe4 dxe5) 9. Qxd8+ $16 Kxd8 $146 ({Predecessor:} 9... Nxd8 10. Nd5 Ne6 11. Ng5 Kd8 {½-½ (54) Rodriguez Alvarez,V (2214)-Dougas Chavarria,N (1871) Barcelona 2017}) 10. O-O-O+ Bd7 11. c5 f4 12. Bd2 Bf8 (12... Kc8 $16) 13. Bb5 $36 {[%mdl 2048] Hoping for Bxc6. White is on the roll.} Nf7 14. Na4 (14. Bc4 $18) 14... Ke8 15. Bc3 Be6 $2 (15... Be7 $14) 16. Bxc6+ bxc6 17. b3 (17. Nxe5 $18 Nxe5 18. Bxe5) 17... Bg7 $16 18. Ba5 Rc8 19. Rd3 (19. Nb2 $142) 19... Ke7 20. Rhd1 Rhd8 ({Black should play} 20... h5 $14) 21. Nb2 g5 22. Rxd8 Nxd8 (22... Rxd8 $16 {was necessary.} 23. Nd3 (23. Bxc7 Rxd1+ 24. Kxd1 g4 $14) 23... g4 24. hxg4 Bxg4) 23. Bc3 $18 Nf7 24. Nd3 g4 25. Nfxe5 Nxe5 26. Bxe5 (26. Nxe5 $6 Bxe5 27. Bxe5 gxh3 $16) 26... Bxe5 27. Nxe5 gxh3 28. gxh3 Bxh3 29. Nxc6+ {[%mdl 4096] Endgame KRB-KRN} Ke6 $2 (29... Kf6 30. Rh1 (30. Nxa7 Ra8 $16) 30... Bg2) 30. Rh1 Bg2 31. Rh6+ ({Avoid the trap} 31. Nxa7 $2 Bxh1 32. Nxc8 h5 $19) ({Resist} 31. Rxh7 Bxe4 32. Re7+ (32. Nxa7 Rg8 $16) 32... Kd5 $18) 31... Kf7 32. Rxh7+ Kg6 $2 (32... Kf6 33. Rh6+ Kg7) 33. Re7 $2 (33. Rh2) 33... Kf6 (33... Rh8 $142 34. Kd2 Rh3) 34. e5+ {[%cal Be4e5,Be5e6][%mdl 32]} Kf5 35. Nd4+ Kg6 $2 (35... Ke4) 36. e6 a6 37. Rf7 Kg5 (37... Bd5 $142 38. Rxf4 c6) 38. e7 {Threatens to win with Rf8.} Re8 39. Ne6+ Kg6 40. Rxf4 (40. Rg7+ $142 Kf6 41. Nxc7 (41. Rxg2 Kxe6 42. Rg6+ Kd5 $16) 41... Kxg7 42. Nxe8+ Kf7 43. Nc7 Kxe7 44. Nxa6) 40... Rxe7 41. Rg4+ Kf5 42. Rxg2 Rxe6 $2 {KR-KR} (42... Kxe6 43. Kd2 Kd5 44. Rg5+ Kc6) 43. Rg7 {White is clearly winning.} c6 44. Ra7 Ke4 45. Rxa6 Kd4 46. Ra4+ Kxc5 47. Rc4+ Kb5 (47... Kd6 $142 48. Kd2 Rh6) 48. f4 (48. Kd2 $142 Rh6 49. Ke3) 48... Re2 49. Rc2 Re1+ 50. Kd2 Rf1 51. Ke3 c5 52. Rf2 Re1+ 53. Kd3 Rd1+ 54. Kc3 Rd6 55. f5 Rf6 56. Rf4 Kc6 57. Kc4 Kd6 58. Rf1 Kc6 59. a4 {[%cal Ba2a4,Ba4a5,Ba5a6,Ba6a7][%mdl 32]} Kb6 {[#]} 60. a5+ $1 Kc6 (60... Kxa5 61. Kxc5) 61. a6 Kb6 {[#]} 62. a7 $1 Rf8 (62... Kxa7 63. Kxc5) 63. f6 {Precision: White = 57%, Black = 26%.} 1-0

[Event "RUS-chT Blitz Men 2018"]
[Site "Sochi"]
[Date "2018.10.10"]
[Round "9"]
[White "Tsvetkov, Andrey"]
[Black "Jary, Sergey"]
[Result "0-1"]
[WhiteElo "2264"]
[BlackElo "2286"]
[Annotator "TA"]
[PlyCount "132"]
[EventDate "2018.10.10"]
[EventType "swiss"]
[EventCountry "RUS"]
[SourceTitle "playchess.com"]
[Source "ChessBase"]
[SourceQuality "1"]

{[%evp 16,132,35,32,64,46,63,72,70,16,0,0,36,14,25,-8,0,-37,0,-71,-80,-74,24,-13,0,-56,26,29,39,0,0,0,9,-39,0,0,60,53,118,107,183,2,140,-40,-40,-82,-65,-87,-92,-241,-242,-224,-205,-660,-139,-127,-132,-135,-135,-135,-130,-164,-119,-122,-112,-125,-134,-308,-58,-263,-254,-247,-132,-321,-321,-318,-248,-236,-188,-304,-287,-286,-266,-221,-185,-694,-687,-737,-624,-12158,-29946,-11453,-10840,-29950,-11900,-11576,-11342,-29956,-11520,-9694,-8227,-9118,-6226,-6490,-6015,-6119,-8,-2475,-2009,-29969,-29969,-29975,-29977,-29978,-29980,-29981,-29982,-29982,-29983]} 1. d4 Nf6 2. c4 e6 3. Nc3 Bb4 4. e3 d5 5. Bd3 O-O 6. cxd5 Qxd5 7. Nf3 c5 8. a3 Bxc3+ 9. bxc3 Nc6 {[%cal Bb8c6,Bc6a5,Ba5b3][%mdl 32] E49: Nimzo-Indian: Rubinstein: 5 Bd3 d5 6 a3 Bxc3+ 7 bxc3} (9... cxd4 10. exd4 b6 11. c4 Qd6 12. O-O Bb7 13. Bb2 Be4 14. Bxe4 Nxe4 15. d5 Nc5 16. Nd4 Nbd7 17. Re1 {1-0 (49) Sokolov,I (2644)-Stefansson,H (2496) Reykjavik 2013}) 10. O-O cxd4 11. cxd4 b6 {White is better.} 12. a4 $146 ({White should try} 12. Qc2 $14) ({Predecessor:} 12. Rb1 h6 13. e4 Qd8 14. Bb2 Bb7 15. Qe2 Ne7 16. Ne5 Nc6 17. Nxc6 Bxc6 18. Rbd1 Qe7 19. f4 Qb7 20. d5 Ba4 21. Rd2 Qe7 22. e5 Qc5+ 23. Kh1 Qxd5 24. exf6 {1-0 (24) Pecorelli Garcia,H (2412)-Lopez,J Cuba 2000}) 12... Bb7 $11 13. Ba3 Rfd8 14. Qb1 Na5 15. Qa2 Rac8 16. Qxd5 Bxd5 17. Ne5 (17. Nd2 $11 {remains equal.}) 17... Nb3 $1 $17 18. Rad1 {[#]} Be4 (18... Ne4 $1 $17 {aiming for ...Nc3.} 19. Be7 Re8) 19. Bb5 Bc2 20. Be7 (20. Nc6 $11 Rxc6 21. Bxc6) 20... Bxd1 (20... Re8 $1 $15 21. Ba3 (21. Bxe8 Nxe8 22. Nd3 Bxd1 $15) 21... Bxd1 22. Rxd1 (22. Bxe8 Nxe8 23. Rxd1 f6 $11) 22... Rc2) 21. Bxd8 $11 Bc2 22. Be7 Nd5 23. Bd6 a5 24. Nc6 Kh8 (24... Bd3 $5 25. Ne7+ (25. Bxd3 Rxc6 26. Ba3 Rc3 $11) 25... Nxe7 26. Bxd3 Nd5 $11) 25. Re1 Nc3 (25... Bd3 $11) 26. Ne7 $14 Ra8 (26... Rd8 $14 27. Bc7 Ra8) 27. Bc6 $16 Ra6 (27... Rd8 $16 28. Bc7 Rf8) 28. Bb8 $2 (28. Nc8 $18) 28... Bd3 (28... b5 $11) 29. f3 $2 (29. Bb7 $16) 29... b5 $15 30. axb5 Bxb5 31. Bxb5 Nxb5 32. Rb1 (32. d5 $17 {keeps fighting.} Ra8 33. Bg3) 32... a4 $19 33. d5 Nc3 34. Rb2 $2 {[#]} (34. d6 Rxd6 35. Bxd6 Nxb1 36. Nc6) 34... Nxd5 $2 (34... a3 $1 $19 {[%cal Ra3b2] and Black stays clearly on top.} 35. Rc2 a2 36. Rxa2 Rxa2 37. dxe6 fxe6) 35. Nxd5 $17 exd5 $19 {[%mdl 4096] Endgame KRB-KRN} 36. Be5 f6 37. Bc3 h6 38. Kf2 Kh7 39. Ke2 Rc6 40. Kd3 Rc4 41. e4 $2 (41. Rb1 $17) 41... Rc5 $2 (41... Nc5+ $19 42. Kd2 dxe4) 42. Bd4 $2 ({Better is} 42. exd5 $15 Rxd5+ 43. Kc4) 42... dxe4+ 43. fxe4 {Black must now prevent Rxb3.} Rh5 (43... Nxd4 $19 44. Kxd4 Ra5) 44. h3 $2 (44. Bg1 $17) 44... Nxd4 45. Kxd4 {KR-KR} Rg5 46. Ra2 Rg3 47. e5 (47. Rxa4 {was necessary.} Rxg2 48. e5) 47... fxe5+ 48. Kxe5 a3 49. Kf4 Rb3 50. h4 $2 (50. Kf5) 50... Kg6 51. g4 h5 52. gxh5+ Kxh5 53. Rg2 Rb4+ 54. Ke3 Rg4 55. Rc2 Kxh4 56. Rc8 a2 (56... Ra4 $142 57. Rc1 a2 58. Ra1 Kg3 59. Rg1+ Kh2 60. Ra1 g5 61. Kd3 g4 62. Kc2 Ra6 63. Kc3 g3 64. Kb4 g2 65. Kb5 Ra8 66. Rd1 a1=Q 67. Rxa1 Rxa1 68. Kc5 g1=Q+ 69. Kc4 Rd1 70. Kb4 Qd4+ 71. Kb3 Rb1+ 72. Kc2 Rb2+ 73. Kc1 Qd2#) 57. Ra8 Rg2 58. Kf3 Rb2 59. Ra4+ Kh5 60. Kg3 g5 $2 (60... Kg6 $19 61. Ra5 Kf6) 61. Ra8 $2 {[%mdl 8192]} (61. Ra6 $11) 61... Kg6 62. Ra6+ Kf5 {Black mates.} 63. Ra5+ Ke4 64. Ra4+ Kd3 65. Ra8 Kc2 66. Rc8+ Kb1 {Precision: White = 16%, Black = 40%.} 0-1